| 000 | 00370nam a2200145Ia 4500 | ||
|---|---|---|---|
| 008 | 230312s9999||||xx |||||||||||||| ||und|| | ||
| 020 | _a1845-202-44-1 | ||
| 082 |
_a343.410 _bBUR-D |
||
| 100 | _aBurnett;Rachel | ||
| 245 | 0 | _aDrafting and negotiating computer contracts | |
| 260 |
_bRachel _aUK _c2005 |
||
| 300 | _a737 | ||
| 650 |
_aEngineering _vAvionics |
||
| 942 | _cBK | ||
| 999 |
_c12435 _d12435 |
||